BIBLIOTECA PODER JUDICIAL
Portal Judicial TDF

El sistema federal argentino. Sus "reglas", sus "principios" y sus "garantías" / (Registro nro. 6206)

000 -LEADER
fixed length control field 01270nabaa22002417a 4500
003 - CONTROL NUMBER IDENTIFIER
control field OSt
005 - DATE AND TIME OF LATEST TRANSACTION
control field 20260125211650.0
008 - FIXED-LENGTH DATA ELEMENTS--GENERAL INFORMATION
fixed length control field 190701b xxu||||| |||| 00| 0 spa d
040 ## - CATALOGING SOURCE
Transcribing agency PJ
100 ## - MAIN ENTRY--PERSONAL NAME
9 (RLIN) 2673
Personal name Montero, Jorge Raúl
245 13 - TITLE STATEMENT
Title El sistema federal argentino. Sus "reglas", sus "principios" y sus "garantías" /
Statement of responsibility, etc Raúl Montero.
300 ## - PHYSICAL DESCRIPTION
Extent p. 170-180
500 ## - GENERAL NOTE
General note Cita: TR LALEY AR/DOC/2726/2024
505 ## - FORMATTED CONTENTS NOTE
Formatted contents note Sumario: I. Algunas palabras explicativas.— II. El material considerado.— III. Las normas.— IV. Un poco de historia. En particular referencia al proyecto y la visión de Alberdi y a los arts. y 29.— V. El interpretativismo y las garantías. Una mirada a la jurisprudencia de la CS a la luz del material considerado.— VI. A modo de conclusión.
505 ## - FORMATTED CONTENTS NOTE
Title ¿Te interesa el texto completo? Comunicate al correo: koha@justierradelfuego.gov.ar
650 #0 - SUBJECT ADDED ENTRY--TOPICAL TERM
9 (RLIN) 211
Topical term or geographic name as entry element DERECHO ADMINISTRATIVO
650 #0 - SUBJECT ADDED ENTRY--TOPICAL TERM
9 (RLIN) 178
Topical term or geographic name as entry element DERECHO CONSTITUCIONAL
650 #0 - SUBJECT ADDED ENTRY--TOPICAL TERM
9 (RLIN) 872
Topical term or geographic name as entry element INTERPRETACION CONSTITUCIONAL
650 #0 - SUBJECT ADDED ENTRY--TOPICAL TERM
9 (RLIN) 479
Topical term or geographic name as entry element SISTEMA FEDERAL
650 #0 - SUBJECT ADDED ENTRY--TOPICAL TERM
9 (RLIN) 802
Topical term or geographic name as entry element DESCENTRALIZACION ADMINISTRATIVA
773 0# - HOST ITEM ENTRY
Host Biblionumber 2842
Host Itemnumber 3251
Place, publisher, and date of publication Buenos Aires : AbeledoPerrot, 2012-
Other item identifier DA121
Title Derecho administrativo. Nº 156 noviembre/diciembre 2024
International Standard Book Number 18510590
942 ## - ADDED ENTRY ELEMENTS (KOHA)
Source of classification or shelving scheme
Koha item type Analítica Artículo de Revista

No hay ítems disponibles.

12 de Octubre 789 Ushuaia - Tel:  54(02901)441571
Horario de Atención: 8.00 a 17.00 hs. 
bibliotecaush@justierradelfuego.gov.ar
koha@justierradelfuego.gov.ar
Seguinos en nuestras redes @bibliojustdf 

Con tecnología Koha